The effects of concordancing on students' critical thinking skills /
Saved in:
| Main Author: | |
|---|---|
| Format: | Thesis |
| Language: | English |
| Published: |
Gombak, Selangor :
International Islamic University Malaysia,
2002.
|
| Subjects: | |
| Online Access: | http://studentrepo.iium.edu.my/handle/123456789/6976 |
| Tags: |
Add Tag
No Tags, Be the first to tag this record!
|
| LEADER | 020580000a22003970004500 | ||
|---|---|---|---|
| 001 | 271221 | ||
| 005 | 20100408144700.0 | ||
| 008 | 031104s2002 my a g 000 0 eng d | ||
| 035 | |a (Sirsi) 271221 | ||
| 040 | |a UIAM |b eng | ||
| 041 | 0 | |a eng | |
| 043 | |a a-my--- | ||
| 049 | |b m | ||
| 050 | |a LB2395.35 | ||
| 100 | 0 | |a Zamnah Husin | |
| 245 | 1 | 4 | |a The effects of concordancing on students' critical thinking skills / |c by Zamnah Husin. |
| 260 | |a Gombak, Selangor : |b International Islamic University Malaysia, |c 2002. | ||
| 300 | |a x, 107 leaves ; |c 30 cm. | ||
| 500 | |a "A thesis submitted in partial fulfilment of requirements for the degree of Master of Human Sciences in Teaching of English as a Second Language."--On. t.p. | ||
| 500 | |a Abstracts in English and Arabic. | ||
| 502 | |a Thesis (M.HSc.TESL)--International Islamic University Malaysia, 2002. | ||
| 504 | |a Includes bibliographical references (leaves 51-54). | ||
| 596 | |a 1 | ||
| 600 | 1 | 0 | |a Shakespeare, William, |d 1564-1616. |t Othello |
| 650 | 0 | |a Thought and thinking |x Study and teaching (Higher) |z Malaysia | |
| 650 | 0 | |a Thought and thinking |x Computer-assisted instruction | |
| 650 | 0 | |a Critical thinking |x Study and teaching (Higher) |z Malaysia | |
| 650 | 0 | |a English language |x Study and teaching (Higher) Foreign speakers | |
| 655 | 0 | 7 | |a Theses, IIUM local |
| 710 | 2 | |a International Islamic University Malaysia. |b Kulliyyah of Islamic Revealed Knowledge and Human Sciences | |
| 856 | 4 | |u http://studentrepo.iium.edu.my/handle/123456789/6976 | |
| 900 | |a bib-hj-rose-rmb | ||
| 999 | |c 432353 |d 463480 | ||
| 952 | |0 0 |6 T LB 002395.35 Z24E 2002 |7 0 |8 THESES |9 752249 |a IIUM |b IIUM |c MULTIMEDIA |g 0.00 |o t LB 2395.35 Z24E 2002 |p 00011274483 |r 2017-10-19 |t 1 |v 0.00 |y THESIS | ||
| 952 | |0 0 |6 LU T LB 2395.35 Z24E 2002 |7 0 |8 THESES |9 753412 |a IIUM |b IIUM |c CLOSEACCES |g 0.00 |o lu t LB 2395.35 Z24E 2002 |p 00000856006 |r 2017-10-25 |t 1 |v 0.00 |y THESIS | ||
| 952 | |0 0 |6 TS CDF LB2395.35Z24E 2002 |7 0 |8 THESES |9 812600 |a IIUM |b IIUM |c MULTIMEDIA |g 0.00 |o ts cdf LB2395.35Z24E 2002 |p 11100326222 |r 2017-10-27 |t 1 |v 0.00 |y THESISDIG | ||
